ADVANCE IN GASTROINTESTINAL ENDOSCOPY (Record no. 15152)

MARC details
000 -LEADER
fixed length control field 00304nam a22001337a 4500
003 - CONTROL NUMBER IDENTIFIER
control field SGT
020 ## - INTERNATIONAL STANDARD BOOK NUMBER
International Standard Book Number 81-7179-810-1
082 ## - DEWEY DECIMAL CLASSIFICATION NUMBER
Classification number 616.024
Item number A01B
100 ## - MAIN ENTRY--PERSONAL NAME
Personal name BHUTANI, MANOOP S.
245 ## - TITLE STATEMENT
Title ADVANCE IN GASTROINTESTINAL ENDOSCOPY
260 ## - PUBLICATION, DISTRIBUTION, ETC. (IMPRINT)
Place of publication, distribution, etc INDIA
Name of publisher, distributor, etc JAYPEE
Year of Publication 2001
300 ## - PAGE DESCRIPTION
No. of Pages 678
942 ## - ADDED ENTRY ELEMENTS (KOHA)
Source of classification or shelving scheme Dewey Decimal Classification
Koha item type Books
Holdings
Withdrawn status Lost status Source of classification or shelving scheme Damaged status Not for loan Collection code Home library Current library Shelving location Date acquired Vendor Name SGTU Bill Number Total Checkouts Full call number Accession No. (Barcode) Date last seen Bill Date Koha item type
    Dewey Decimal Classification     NURSING SGT Medical Library SGT Medical Library Reference Book 07/02/2018 ABC SGTU 7429   616.024 A01B FN3645 07/02/2018 07/02/2018 Books